Responses for Show #9011 - Monday, January 8, 2024

2023-2024 Second Chance competition week 3, final game 2.

Contestants

[<< previous game]

Randall Rayford, a solar project developer from Houston, Texas (subtotal of $0)

Michael Cavaliere, a consultant from New York, New York (subtotal of $6,600)

Matt Harvey, a healthcare administrator from Providence, Rhode Island (subtotal of $10,000)

[next game >>]

Jeopardy! Round responses

PRESIDENTIAL DOGS
MUSIC
RECENT MOVIES
SOUNDS LIKE A LETTER
COLORS
GET TO THE POINT
    $200 21
a beagle

Randall
    $200 27
a quarter note

Randall
    $200 9
the Haunted Mansion

Matt
    $200 28
why

Matt
    $200 29
blue

Matt
    $200 30
West Point

Michael
    $400 17
(Matt: Is that a... Newfie?)

a Labrador

MattRandall
    $400 13
oboe

Michael
    $400 14
Gwen (Spider-Gwen)

Matt
    $400 26
aye

Michael
    $400 25
(Matt: What's... green?)
...
(Ken: It's a more exact rhyme than that--scarlet and [*].)

cream

Matt
Triple Stumper
    $400 24
the Caribbean Sea

Randall
    $600 16
(Michael: All right, I got bit by the PRESIDENTIAL DOGS, but let's go back to--for $600.)
...
(Michael: Yay!)

a Scottie

Michael
    $600 11
Bernstein

Michael
    $600 18
Elemental

Randall
    $600 10
El

Matt
    $600 20
orange

Michael
    $600 23
the Sydney Opera House

Michael
    $800 7
(Michael: What's [*] Cavalier spaniel?)
[Accepted as correct; reversed after the break and not when the Daily Double was uncovered]
...
(Ken: [To Michael after the break] Our judges have pointed out you said "[*] Cavalier Spaniel" instead of Cavalier [*] Spaniel; that's not the name of the breed.)

King Charles

Michael
Triple Stumper
    $800 12
(Michael: What is... vuvuzela?)

a didgeridoo

MichaelRandall
    $800 19
Phoebe Waller-Bridge

Matt
    $800 1
a sea

Matt
    $800 3
(Michael: What's black?)

gold (yellow)

MattMichael
    $800 5
Nemo

Randall
    $1,000 8
(Michael: [Hands up] Whoo!)

the Portuguese Water Dog

Michael
    $1000 15
(Randall: Who is Chopin?)

Schubert

MichaelRandall
    $1000 22
Killers of the Flower Moon

Randall
    $1000 2
a bee

Matt
    $1000 4
(Ken: That would be French for cherry or [*].)

cerise

Triple Stumper
    $1000 6
Point Barrow

Michael

Scores at the first commercial break (after clue 15):

Matt Michael Randall
$3,800 $1,600 $600

Scores at the end of the Jeopardy! Round:

Matt Michael Randall
$4,200 $4,000 $3,400

Double Jeopardy! Round responses

THE ANNALS OF HISTORY
CELEBRITY SIBLING SURNAMES
SCIENCE
FROM C TO D
(Ken: Responses will begin and end with those two letters.)
ITALIAN LITERATURE
IT'S CORN
    $400 21
Papal States

Randall
    $400 29
(Michael: Another sports question!)

Curry

Michael
    $400 30
a quantum leap

Matt
    $400 25
candid

Matt
    $400 19
Romeo and Juliet

Randall
    $400 27
(Ken: Yeah, who does that?)
[Laughter]

candy corn

Matt
    $13,200 18
(Michael: This is terrifying, but I'm gonna bet it all.)
...
(Ken: It is [*], yes.)
[Enthusiastic applause and cheers]

Iceland

Michael
    $800 28
Kelce

Randall
    $800 17
(Randall: What is nitrogen?)

carbon

MichaelRandall
    $800 24
a courtyard

Matt
    $800 16
Mozart

Michael
    $800 26
ethanol

Michael
    $1200 10
the Habsburgs

Michael
    $1200 22
Deschanel

Matt
    $1200 3
the immune system

Michael
    $1200 1
comprehend

Matt
    $1200 5
commedia dell'arte

Michael
    $1200 9
corncob pipes

Matt
    $1600 7
León

Matt
    $1600 20
Fiennes

Michael
    $1600 12
[Ken reads "D''" as "D double-prime".]

the mantle

Matt
    $5,400 2
chambered

Matt
    $1600 4
(Randall: Who was Homer?)

Aristotle

Randall
Triple Stumper
    $1600 8
(Matt: What is Iowa?)
(Randall: What is Nebraska?)
...
(Ken: Michael?)
(Michael: Nope.)
(Ken: Not going to take it?)
[Laughter]

South Dakota

MattRandall
Triple Stumper
    $2000 11
(Ken: It's China's [*].)

Grand Canal

Triple Stumper
    $2000 23
Madden

Randall
    $2000 13
(Ken: It seems to wink, it's [*].)

an eclipsing binary

Triple Stumper
    $2000 14
a clavichord

Matt
    $2000 6
St. Francis of Assisi

Michael
    $2000 15
(Michael) Pollan

Michael

Scores at the end of the Double Jeopardy! Round:

Matt Michael Randall
$18,800 $29,200 $3,000

[wagering suggestions for these scores]

Final Jeopardy! Round responses

STATE CAPITALS
(Ken: [To Randall] No, they're pretty close, but not quite the closest.)
...
(Ken: [To Matt] The Puritans in Massachusetts kicked out Roger Williams and he founded Rhode Island.)
...
(Ken: [To Michael] Ah, he was out West.)
RandallWhat are Dover + Annapolis?
$3,000
MattWhat are Boston + Providence?
$18,800
MichaelWhat are Carson City + Salt Lake City
$12,000
Providence & Boston

Final scores:

Matt Michael Randall
$37,600 $17,200 $0

Cumulative scores:

Matt Michael Randall
$47,600 $23,800 $0
Tournament champion: $35,000 + advance to the 2024 Champions Wildcard tournament 1st runner-up: $20,000 2nd runner-up: $10,000

Game dynamics:

Coryat scores:

Matt Michael Randall
$15,000 $16,800 $3,000
20 R
(including 1 DD),
3 W
21 R
(including 2 DDs),
3 W
12 R,
4 W

Combined Coryat: $34,800

[game clues] [game scores] [suggest correction]

Game tape date: 2023-12-05
The J! Archive is created by fans, for fans. Scraping, republication, monetization, and malicious use prohibited; this site may use cookies and collect identifying information. See terms. The Jeopardy! game show and all elements thereof, including but not limited to copyright and trademark thereto, are the property of Jeopardy Productions, Inc. and are protected under law. This website is not affiliated with, sponsored by, or operated by Jeopardy Productions, Inc. Join the discussion at JBoard.tv.